Най-дългите граници между държави - Statistics

General Stats
  • This quiz has been taken 98 times
  • The average score is 12 of 13
Answer Stats
Country % Correct
САЩ
100%
Канада
100%
Русия
100%
Китай
100%
Монголия
99%
Казахстан
98%
Индия
98%
Мексико
96%
Аржентина
95%
Бразилия
95%
Чили
94%
Боливия
80%
Бангладеш
76%
No matching quizzes found
Score Distribution
Percent of People with Each Score
Percentile by Number Answered
Your Score History
You have not taken this quiz